Social Justice

Detalles Bibliográficos
Formato: eBook
Lenguaje:inglés
Publicado: Virginia: Crime and Social Justice Associates, 2019 -
Materias:
Acceso en línea:Acceso restringido

MARC

LEADER 00000nam a22000007a 4500
005 20200206120418.0
007 cr|||| ||||
008 200206c20199999us qr|w s|||| 0|||b1eng d
022 |a 1043-1578 
035 |a 4233 
040 |a vLex 
090 |c 10133  |d 10133 
245 0 0 |a Social Justice  |h [Recurso electrn̤ico] / 
256 |a Servicio en ln̕ea 
260 |a Virginia:  |b Crime and Social Justice Associates,  |c 2019 - 
300 |a 1 recurso electrn̤ico 
310 |a Trimestral 
506 1 |a Disponible solo en los productos indicados  |d vLex Global  |d vLex Global (Academic Edition, excluding Law Schools)  |d vLex Global (Academic Edition, Law Schools) 
650 0 4 |a Derecho Laboral y Seguridad Social  |z Estados Unidos 
650 0 4 |a Derecho Civil  |z Estados Unidos 
740 0 |a vLex Revistas (Servicio en ln̕ea) 
856 4 0 |u http://vlex.com/source/social-justice-4233  |z Acceso restringido 
942 |c REV 
999 0 |a Labor Law and Social Security 
999 0 |a Civil Law